000 00383 a2200169 4500
001 175418
020 _a85-08-03691-4
040 _cMagnum
100 _aMartho, Gilberto
240 1 0 _aPequenos seres vivos
_lpor
245 1 0 _aPequenos seres vivos
300 _a48
362 0 _a1990
440 1 _aÁtica
697 _aCIÊNCIAS FÍSICAS, QUÍMICAS E BIOLÓGICAS
942 _cBK
999 _c175418
_d175418